Statistics for Plants Vs. Zombies 2 expert quiz

Click here to take the quiz!

General Stats

  • This quiz has been taken 15 times
  • The average score is 7 of 15

Answer Stats

QuestionAnswer% Correct
How much damage does level 1 lightning reed do?10
100%
What is the 6th world in pvz 2?far future
91%
How much sun does electric peashooter cost?200
82%
When was pvz 2 released? (Insert date)6/9/2013
82%
What is the first world in pvz 2?ancient egypt
73%
What is the 4th world in pvz 2?frostbite caves
73%
What plant brings eaten plants back to life?intensive carrot
55%
How much damage does level 1 inferno do?22
27%
How much gems does squash cost?100 gems
18%
How much damage does does max level cabbage pult do?120
18%
How strong is blockhead zombie?machined
9%
What level do you first see dark ages gargantuar?night 10
9%
Which company developed pvz 2?popcap games
9%
How strong is jester zombie?protected
9%
How strong is surfer zombie?dense
0%

Score Distribution

Percentile by Number Answered

Percent of People with Each Score

Your Score History

You have not taken this quiz